| 000 | 00671nam a2200229 4500 | ||
|---|---|---|---|
| 001 | 144918 | ||
| 003 | ES-MaACL | ||
| 005 | 20231114062540.0 | ||
| 007 | t| | ||
| 008 | 070214s1985 sp r ||||1| spa d | ||
| 020 | _a84-322-0534-6 | ||
| 100 | 1 |
_aSimon, Claude. _9106506 |
|
| 245 | 1 | 4 |
_aLas geórgicas / _cClaude Simon ; traducción del francés por J. Escué Porta. |
| 250 | _a1ª. ed. | ||
| 260 |
_aBarcelona : _bSeix Barral, _c1985. |
||
| 300 |
_a368 p. ; _c20 cm. |
||
| 490 | 1 | _aBiblioteca breve | |
| 700 | 1 |
_aEscué, Josep. _947715 |
|
| 830 | 0 |
_aBiblioteca breve (Seix Barral) _9227188 |
|
| 852 |
_aES-MaACL _jL-11155 _bR.111071 |
||
| 999 |
_c144918 _d144918 |
||